000 00675nam a2200193 i 4500
001 122579
003 ES-MaACL
005 20231221183857.0
007 t|
008 070214s1923 sp |||| | spa d
100 1 _aPuga y Sancho, Esteban Nicanor.
_994207
245 1 0 _aOrdenación financiera de los ayuntamientos
_b: memoria /
_cEsteban Nicanor Puga y Sancho ; prólogo de Ángel Ossorio y Gallardo.
260 _aMadrid :
_b[s.n.],
_c1923 (
_fImp. Municipal)
300 _a124 p. ;
_c27 cm.
650 4 _aHacienda municipal-
_zEspaña.
_9148346
700 1 _aOssorio y Gallardo, Ángel,
_d1873-1946
_9138613
852 _aES-MaACL
_j1662-F-11
999 _c122579
_d122579